00868nam a2200229 a 4500001001000000003000500010005001700015008004100032010001100073011001100084040000900095100002800104245014400132260004100276500006000317502007500377650004400452650002100496650002600517650002500543856007000568000111293CHAP20220329144205.0150128s2014 mx fsm |||||||spa d a107755 a108727 cCHAP1 aCruz Sánchez, Pascual13aEl tlacolol, sistema de producción tradicional de milpa, en Xochipala, Tlaquiltenango, Morelosh[En línea]cpor Pascual Cruz Sánchez. aChapingo, Méx. :bEl autor,c2014. aPara ver el contenido del material haga clic en la liga aTesis (Ing. en Agroecología) -- UACH. Departamento de Agroecología14aMaízxAspectos económicosxMorelos.14aMaízxMorelos.14aRecursos genéticos.14aSistemas de cultivo. aFinding aiduhttp://10.13.5.2/tesis/sist111293.pdfzTeclea aquí